00915nmc a2200277 a 4500003000900000005001700009008004100026040001300067100001500080245001400095260004300109300001100152490004200163500018400205650002200389650001300411650001900424650001700443650001400460650001300474655001500487700003500502700002900537700003900566800003200605AR-BaBNM20251128203357.0011101s1944 ||||||||||||||000 | spa|| cAR-BaBNM0 aSófocles10aTragedias aBuenos AiresbLibrería Perladoc19440 a290 p. 0aBiblioteca clásica universalvv. 150 aDonación Ana Adela de Machini. La presente edición contiene las siguientes tragedias: Electra - Ayax - Edipo rey - Edipo en Colono - Antígona - Las traquinias - Filóctetes 4aLITERATURA GRIEGA 4aTRAGEDIA 4aTEATRO ANTIGUO 4aARTE ANTIGUO 4aMITOLOGIA 4aRELIGION aLITERATURA1 aCorso, Félix F.eprologuista1 aBardé, J.C.etraductor1 aAlemany Bolufer, Joséetraductor1 aCorso, Félix F.edirector